| 000 | 004910000a22001930004500 | ||
|---|---|---|---|
| 001 | 000449 | ||
| 003 | MACL | ||
| 005 | 20150930151131.0 | ||
| 008 | 150930b xxu||||| |||| 00| 0 eng d | ||
| 040 |
_aMACL _cMACL |
||
| 041 | _aEnglish | ||
| 082 | _a891.439/SAM | ||
| 100 |
_aSamad, Abdas _912924 |
||
| 245 |
_aA Strip Of Land Two Yards long _cAbdas Samad |
||
| 260 |
_aDelhi _c1997 _bSahitya Akademi, |
||
| 350 | _a170 | ||
| 650 |
_aLiterature Of Other Language _912925 |
||
| 942 |
_k891 _cBK _2ddc |
||
| 999 |
_c451 _d451 |
||